000 00949nac a22002657a 4500
001 BR8300301
003 BR-BrBNA
005 20240105115609.0
008 230509b bl.|||m| |||| 00| 0 por d
040 _aBR-BrBNA
_bpor
_cBiblioteca Nacional de Agricultura
072 _aF00
090 _aF00 BR8300301
110 1 _aEmpresa de Pesquisa Agropecuaria do Rio Grande do Norte S.A., Natal (Brasil)
111 1 _a1. Ciclo de Palestras sobre Jojoba
_cNatal, RN (Brazil)
_d20 Jul 1982
245 1 _aJojoba [Simmondsia chinensis, producao vegetal]
_bv. 2
246 1 _a[Jojoba [Simmondsia chinensis, plant production]]
_bv. 2
260 3 _aNatal, RN (Brasil):
_c1982.
300 _a132 p.
490 _aDocumentos - Empresa de Pesquisa Agropecuaria do Rio Grande do Norte S.A. (Brazil)
_vno. 6
_x
500 _a0390
650 _aJOJOBA
650 _aPRODUCAO VEGETAL
909 _a202312
_bLúcia Elande
_c55
_dLúcia Elande
942 _2AGRIS
_n0
_cMS
999 _c275491
_d275491